Troisième Reich - Quiz d'images - Statistiques

Statistiques générales
  • Ce quiz a été pris 389 fois
    364 depuis la dernière actualisation
  • Le résultat moyen est 11 sur 21
Statistiques - réponses
Par images Hint Réponse % Correct
person Adolf Hitler
100%
organisation Schutzstaffel,
"escadron de protection"
93%
endroit Auschwitz-Birkenau
87%
person Heinrich Himmler
81%
person Joseph Goebbels
70%
person Eva Braun
67%
opération (22 juin 1941) Opération Barbarossa
59%
décoration militaire Croix de Fer
57%
person Hermann Göring
57%
action (9-10 novembre 1938) Nuit de Cristal
56%
organisation Sturmabteilung
51%
action (27 février 1933) Incendie du Reichstag
49%
person Erwin Rommel
42%
symbole Svastika
40%
action (12 mars 1938) Anschluss
36%
Événement de 1936 Jeux olympiques Berlin
28%
événement(s) Congrès de Nuremberg
27%
organisation Luftwaffe
27%
person Adolf Eichmann
25%
nom du chien Blondi
18%
bombardier Messerschmitt Me 264
7%
Aucun quiz correspondant
Distribution des résultats
% des personnes avec chaque résultat
Percentile par nombre de réponses
Votre historique - résultats
Vous n’avez pas pris ce quiz depuis la dernière actualisation